000
00313nam a22001337a 4500
008
181012b xxu||||| |||| 00| 0 eng d
020
_a
1883097002
041
_a
eng
080
_a
574
100
_a
9
101
_a
MJE
245
_a
50 Ways Farmers can protect their Groundwater
_c
Hirschi, M.C
942
_2
udc
_c
BK
999
_c
49491
_d
49491